Normal view
MARC view
- Close, K. J Yarwood, J
Entry Personal Name
001 - CONTROL NUMBER
- control field: 79607
003 - CONTROL NUMBER IDENTIFIER
- control field: NUST
005 - DATE AND TIME OF LATEST TRANSACTION
- control field: 20210628210508.0
008 - FIXED-LENGTH DATA ELEMENTS
- fixed length control field: 210628|| aca||aabn | a|a d
040 ## - CATALOGING SOURCE
- Original cataloging agency: NUST
- Transcribing agency: NUST
100 ## - HEADING--PERSONAL NAME
- Personal name: Close, K. J Yarwood, J
670 ## - SOURCE DATA FOUND
- Source citation: Work cat.: (NUST): Close, K. J Yarwood, J, Experiemental electronics for students, 1979
